000 00522nam a2200181Ia 4500
008 240729s9999 xx 000 0 und d
022 _a2090-0821
245 0 _aEgyptian Academic Journal of Biological Sciences. B, Zoology
260 _aEgypt
260 _bEgyptian Society of Biological Sciences
650 _a Biology (General)
650 _a Genetics | Science
650 _a Zoology
650 _aScience
856 _uhttps://doaj.org/toc/41764e1af1c4422eb51828c1e943d73a
942 _2ddc
942 _cDOAJEJ
999 _c67886
_d67886
945 _a1
_bMadushi Gamage
_c1
_dMadushi Gamage